El legado jurd̕ico de Roma Nueva edicin̤ ampliada /

Bibliographic Details
Main Author: Paricio, Javier
Format: eBook
Language:Spanish
Published: Madrid: Marcial Pons, 2010
Subjects:
Online Access:Acceso restringido

MARC

LEADER 00000nam a22000007a 4500
005 20170213235022.0
007 cr|||| ||||
008 170213s2010 es |||||s|||| 00||0 spa d
020 |a 9788491230298 
035 |a 14726 
040 |a vLex 
090 |c 6535  |d 6535 
100 1 |a Paricio, Javier 
245 1 2 |a El legado jurd̕ico de Roma  |h [Recurso electrn̤ico] :  |b Nueva edicin̤ ampliada /  |c Javier Paricio 
256 |a Servicio en ln̕ea 
260 |a Madrid:  |b Marcial Pons,  |c 2010 
300 |a 1 recurso electrn̤ico 
500 |a Javier Paricio ha enseądo Derecho romano en las Universidades de Zaragoza, Len̤, Sevilla y Complutense de Madrid, de la que es catedrt̀ico desde 1986 y en la que ha sido director del Departamento de Derecho romano desde 1987 a 2007. Becario Humboldt, becario del Deutscher Akademischer Austausch Dienst, Miembro Ordinario de la Academia de Iusprivatistas Europeos con sede en Pava̕, Visiting Professor de las Universidades de Bolonia y Florencia, ha impartido cursos, conferencias y seminarios en ms̀ de treinta Universidades europeas. Desde su fundacin̤ en 1989 dirige los Seminarios Complutenses de Derecho romano, revista internacional que est ̀considerada (Dieter Nr̲r) como el ms̀ importante r̤gano de expresin̤ del Derecho romano en el m̀bito de la lengua espaǫla. Ha editado numerosas obras colectivas, entre las que se cuentan: Derecho romano de obligaciones. Estudios Murga (1994), Poder polt̕ico y Derecho en la Roma cls̀ica (1996) o En recuerdo de Federico Carlos Sainz de Robles (2006). Es autor de ms̀ de ciento cincuenta publicaciones; algunos de sus libros son: Estudio sobre las “actiones in aequum conceptae” (1986); Sobre la administracin̤ de justicia en Roma (1987); Historia del Derecho romano8 (2007); Fundamentos de Derecho privado romano7, con A. Fernǹdez Barreiro (2007); Los juristas y el poder polt̕ico en la antigua Roma2 (1999); Valor de las opiniones jurisprudenciales en la Roma cls̀ica (2001); De la justicia y el derecho. Escritos miscelǹeos romans̕ticos (2003); o Contrato. La formacin̤ de un concepto (2008). Se ren︢en en este volumen seis escritos autn̤omos recientes, nacidos en circunstancias y con finalidades muy distintas, pero que tienen un trasfondo comn︢: el que sugiere el tt̕ulo del ensayo que le sirve de apertura y que a la vez da tt̕ulo al libro: El legado jurd̕ico de Roma. No se trata un estudio exhaustivo, sino sl̤o de la presentacin̤ de una serie de datos y de consideraciones procedentes de la experiencia investigadora y personal del autor, acerca de la prc̀tica jurd̕ica romana, de su relevancia para la ciencia jurd̕ica europea, del papel del Derecho romano para la formacin̤ de los futuros juristas, as ̕como las dificultades por las que atraviesa en la actualidad la ciencia romans̕tica moderna. 
506 1 |a Disponible solo en los productos indicados  |d vLex Global  |d vLex Global (Academic Edition, excluding Law Schools)  |d vLex Global (U.S. Academic Edition, Law Schools)  |d vLex Global (U.S. Academic Edition, excluding Law Schools)  |d vLex Global (Academic Edition, Law Schools) 
650 0 4 |a Derecho Civil  |z Espaą 
740 0 |a vLex Libros (Servicio en ln̕ea) 
856 4 0 |u http://vlex.com/source/legado-juridico-de-roma-nueva-edicion-ampliada-14726  |z Acceso restringido 
942 |c BOOK 
999 0 |a Civil Law